Tilastot visalle Valtatie 2 -kunnat

Klikkaa tästä pelataksesi tätä visaa!

Yleistilastot

  • Tätä visaa on pelattu 38 kertaa
  • Keskiarvotulos 14 / 16

Vastaustilastot

% Oikein
Pori
100%
Forssa
94%
Vihti
94%
Huittinen
90%
Lohja
90%
Ulvila
90%
Harjavalta
87%
Karkkila
87%
Nakkila
87%
Humppila
84%
Jokioinen
84%
Kokemäki
84%
Punkalaidun
81%
Somero
81%
Loimaa
77%
Tammela
77%

Tulosjakauma

Persentiili vastausten määrän mukaan

Jokaisen tuloksen saaneiden osuus

Tuloshistoriasi

Et ole pelannut tätä visaa